El cumplimiento de las sentencias de la Corte Interamericana de Derechos Humanos

Detalles Bibliográficos
Autor principal: Rodrg̕uez Reveggino, Bruno
Formato: eBook
Lenguaje:español
Publicado: Lima: Palestra Editores, 2022
Materias:
Acceso en línea:Acceso restringido

MARC

LEADER 00000nam a22000007a 4500
005 20220824233351.0
007 cr|||| ||||
008 220824s2022 pe |||||s|||| 00||0 spa d
020 |a 9786123252380 
035 |a 36964 
040 |a vLex 
090 |c 13826  |d 13826 
100 1 |a Rodrg̕uez Reveggino, Bruno 
245 1 2 |a El cumplimiento de las sentencias de la Corte Interamericana de Derechos Humanos  |h [Recurso electrn̤ico] /  |c Bruno Rodrg̕uez Reveggino 
256 |a Servicio en ln̕ea 
260 |a Lima:  |b Palestra Editores,  |c 2022 
300 |a 1 recurso electrn̤ico 
500 |a A pesar de los avances logrados en los ms̀ de cuatro dčadas de existencia de la Corte Interamericana, an︢ enfrentamos grandes desafo̕s, especialmente luego de la grave crisis provocada por la pandemia del Covid-19. En esta medida, los espacios de interaccin̤ entre el derecho internacional de los derechos humanos y el derecho nacional, as ̕como el trabajo en conjunto entre la Corte Interamericana y las autoridades nacionales y locales, cobran cada vez ms̀ importancia para mantener la plena vigencia de los derechos humanos. Por todo ello, la publicacin̤ de este libro contribuye a esta finalidad, al convertirse en una herramienta t︢il de conocimiento y difusin̤ del proceso de supervisin̤ de cumplimiento, eje esencial del acceso a la justicia a las vc̕timas de las violaciones a los derechos humanos en nuestro continente. 
506 1 |a Disponible solo en los productos indicados  |d vLex Global  |d vLex Global (Academic Edition, excluding Law Schools)  |d vLex Global (U.S. Academic Edition, Law Schools)  |d vLex Global (U.S. Academic Edition, excluding Law Schools)  |d vLex Global (Academic Edition, Law Schools) 
650 0 4 |a Derecho Constitucional  |z Per︢ 
650 0 4 |a Economa̕ Espaǫla  |z Per︢ 
740 0 |a vLex Libros (Servicio en ln̕ea) 
856 4 0 |u https://app.vlex.com/#/sources/36964  |z Acceso restringido 
942 |c BOOK 
999 0 |a Constitutional Law 
999 0 |a Spanish Economy